000
00308nam a2200121Ia 4500
008
191201s2018 xx 000 0 und d
100
_a
KASTURE, PV ANDGOKHALE, SB
245
0
_a
Pharmaceutics II
260
_b
Nirali Pub
_a
New Delhi
_c
2018
300
_a
MISC
650
_a
Pharmaceutics - 4
942
_2
ddc
_c
BK
_0
3
999
_c
8294
_d
8294